Eurovision Song Lyrics - Slovenia - Statistics

General Stats
  • This quiz has been taken 60 times
  • The average score is 88 of 215
Answer Stats
Answer % Correct
A
79%
S
74%
v
65%
z
60%
bo
58%
Ne
58%
ne
58%
ti
56%
me
53%
je
51%
Ko
51%
od
51%
te
51%
disko
49%
mi
49%
se
49%
Še
49%
srce
49%
Srce
49%
bil
47%
Bila
47%
Da
47%
da
47%
gledam
47%
Gledam
47%
Hočem
47%
le
47%
drugim
44%
igral
44%
odhajaš
44%
disku
42%
In
42%
in
42%
LPS
42%
sanjah
42%
sva
42%
to
42%
zasral
42%
Ampak
40%
brez
40%
drugemu
40%
mene
40%
mojih
40%
nazaj
40%
oddajaš
40%
solo
40%
stran
40%
Fičo
37%
Pleševa
37%
Bom
33%
Žvižej
33%
Ker
33%
Pa
33%
spet
33%
že
33%
Že
33%
gledaš
30%
sam
30%
Ta
30%
nekaj
28%
pogled
28%
zazdelo
28%
piskal
26%
preveč
26%
si
26%
Takrat
26%
več
26%
zdaj
26%
znan
26%
predobro
21%
tu
21%
nezvestobe
19%
ni
19%
tvoj
19%
hodil
16%
gledal
14%
slike
14%
film
12%
gledajo
12%
isti
12%
sten
12%
vsak
12%
Vsak
12%
čeprav
9%
kri
9%
namaka
9%
prebudi
9%
pretaka
9%
solzah
9%
utrip
9%
igram
7%
korak
7%
počasneje
7%
spomine
7%
Spremljajo
7%
svojo
7%
vlogo
7%
vonj
7%
Vrača
7%
vsaka
7%
Vsako
7%
pold
5%
jutri
0%
No matching quizzes found
Score Distribution
Percent of People with Each Score
Percentile by Number Answered
Your Score History
You have not taken this quiz